| 000 | 01144cam a22002531 4500 | ||
|---|---|---|---|
| 001 | af 48004031 | ||
| 003 | DLC | ||
| 005 | 20260227110905.0 | ||
| 008 | 850911s1944 gw b 000 0 ger c | ||
| 010 | _aaf 48004031 | ||
| 035 | _a(OCoLC)12536132 | ||
| 040 |
_aYale Univ. Library _cTxHR _dDLC |
||
| 042 | _apremarc | ||
| 050 | 0 | 0 |
_aPT403 _b.M82 |
| 100 | 1 |
_aMulot, Arno, _d1904- |
|
| 245 | 1 | 4 | _aDie deutsche Dichtung unserer Zeit. |
| 250 | _a2., erweiterte Aufl. | ||
| 260 |
_aStuttgart, _bJ. B. Metzler, _c1944. |
||
| 300 |
_aix, 578 p. _c23 cm. |
||
| 500 | _a"Im Jahre 1937 erschlen das erste, im Jahre 1942 das abschliessende Heft dieser Darstellung der deutschen Dichtung unserer Zeit." | ||
| 504 | _aBibliographical footnotes. | ||
| 505 | 0 | _aDer Soldat in der deutschen Dichtung unserer Zeit.--Der Bauer in der deutschen Dichtung unserer Zeit.-- Der Arbeiter in der deutschen Dichtung unserer Zeit.-- Das Reich in der deutschen Dichtung unserer Zeit.-- Das Volk in der deutschen Dichtung unserer Zeit.-- Welt- und Gottschau in der deutschen Dichtung unserer Zeit. | |
| 650 | 0 |
_aGerman literature _y20th century _xHistory and criticism. |
|
| 999 |
_c5876 _d5876 |
||